[Event "FIDE World Cup 2025"]
[Site "Goa, India"]
[Date "2025.11.09"]
[Round "23.3"]
[White "Rapport, Richard"]
[Black "Erdogmus, Yagiz Kaan"]
[Result "1/2-1/2"]
[TimeControl ": 90 minutes for the first 40 moves, followed by 30 minutes for the rest of the gamewith an increment of 30 seconds per move starting from move 1"]
[WhiteClock "00:07:25"]
[BlackClock "00:00:58"]
[WhiteFideId "738590"]
[BlackFideId "44599790"]
[WhiteElo "2724"]
[BlackElo "2651"]

1. e4 {[%clk 00:15:17]} {[%emt 00:00:02]} c5 {[%clk 00:15:19]} 2. c3 {[%clk
00:15:26]} {[%emt 00:00:01]} e5 {[%clk 00:15:28]} 3. Nf3 {[%clk 00:15:33]}
{[%emt 00:00:04]} Nc6 {[%clk 00:15:38]} 4. Bc4 {[%clk 00:15:09]} {[%emt
00:00:35]} Nf6 {[%clk 00:15:46]} {[%emt 00:00:01]} 5. Ng5 {[%clk 00:15:18]}
{[%emt 00:00:01]} d5 {[%clk 00:15:55]} {[%emt 00:00:01]} 6. exd5 {[%clk
00:15:27]} {[%emt 00:00:01]} Nxd5 {[%clk 00:16:03]} 7. Qf3 {[%clk 00:15:33]}
{[%emt 00:00:03]} Qxg5 {[%clk 00:16:10]} {[%emt 00:00:03]} 8. Bxd5 {[%clk
00:15:42]} {[%emt 00:00:02]} Qf6 {[%clk 00:16:19]} 9. O-O {[%clk 00:15:33]}
{[%emt 00:00:19]} Qxf3 {[%clk 00:15:00]} {[%emt 00:01:28]} 10. Bxf3 {[%clk
00:15:42]} {[%emt 00:00:02]} Bf5 {[%clk 00:15:09]} 11. Re1 {[%clk 00:15:48]}
{[%emt 00:00:04]} O-O-O {[%clk 00:15:09]} {[%emt 00:00:11]} 12. Na3 {[%clk
00:15:57]} {[%emt 00:00:01]} Bd3 {[%clk 00:11:47]} {[%emt 00:03:33]} 13. b3
{[%clk 00:16:06]} f6 {[%clk 00:11:38]} {[%emt 00:00:19]} 14. Nc4 {[%clk
00:16:02]} {[%emt 00:00:13]} Kc7 {[%clk 00:11:27]} {[%emt 00:00:21]} 15. Nb2
{[%clk 00:15:52]} {[%emt 00:00:20]} Bf5 {[%clk 00:11:12]} {[%emt 00:00:25]} 16.
d3 {[%clk 00:16:01]} {[%emt 00:00:01]} Bxd3 {[%clk 00:11:09]} {[%emt 00:00:13]}
17. Nxd3 {[%clk 00:16:09]} {[%emt 00:00:02]} Rxd3 {[%clk 00:11:18]} 18. Be4
{[%clk 00:16:18]} Rd8 {[%clk 00:11:11]} {[%emt 00:00:18]} 19. Be3 {[%clk
00:16:16]} {[%emt 00:00:11]} g6 {[%clk 00:10:47]} {[%emt 00:00:35]} 20. g4
{[%clk 00:16:13]} {[%emt 00:00:13]} Bd6 {[%clk 00:10:50]} {[%emt 00:00:08]} 21.
Rad1 {[%clk 00:16:10]} {[%emt 00:00:11]} h5 {[%clk 00:10:47]} {[%emt 00:00:14]}
22. h3 {[%clk 00:15:16]} {[%emt 00:01:04]} hxg4 {[%clk 00:09:57]} {[%emt
00:01:00]} 23. hxg4 {[%clk 00:15:25]} {[%emt 00:00:01]} Rh4 {[%clk 00:10:02]}
{[%emt 00:00:05]} 24. f3 {[%clk 00:15:34]} {[%emt 00:00:01]} Rdh8 {[%clk
00:10:09]} {[%emt 00:00:04]} 25. Kf1 {[%clk 00:15:38]} {[%emt 00:00:06]} Ne7
{[%clk 00:09:24]} {[%emt 00:00:55]} 26. Bf2 {[%clk 00:14:36]} {[%emt 00:01:12]}
Rh1+ {[%clk 00:07:30]} {[%emt 00:02:03]} 27. Ke2 {[%clk 00:14:42]} {[%emt
00:00:04]} Rxe1+ {[%clk 00:07:29]} {[%emt 00:00:11]} 28. Rxe1 {[%clk 00:13:11]}
{[%emt 00:01:42]} f5 {[%clk 00:07:35]} {[%emt 00:00:04]} 29. gxf5 {[%clk
00:12:57]} {[%emt 00:00:23]} gxf5 {[%clk 00:07:44]} {[%emt 00:00:01]} 30. Bb1
{[%clk 00:12:32]} {[%emt 00:00:35]} Nd5 {[%clk 00:07:31]} {[%emt 00:00:23]} 31.
Bxf5 {[%clk 00:12:22]} {[%emt 00:00:19]} Nxc3+ {[%clk 00:07:32]} {[%emt
00:00:09]} 32. Kf1 {[%clk 00:10:42]} {[%emt 00:01:51]} Rf8 {[%clk 00:05:37]}
{[%emt 00:02:04]} 33. Bg4 {[%clk 00:10:33]} {[%emt 00:00:18]} Nxa2 {[%clk
00:05:34]} {[%emt 00:00:14]} 34. Bg3 {[%clk 00:10:27]} {[%emt 00:00:16]} Re8
{[%clk 00:05:16]} {[%emt 00:00:28]} 35. Bh5 {[%clk 00:10:01]} {[%emt 00:00:37]}
Re7 {[%clk 00:04:15]} {[%emt 00:01:10]} 36. Ra1 {[%clk 00:10:07]} {[%emt
00:00:05]} Rh7 {[%clk 00:04:17]} {[%emt 00:00:07]} 37. Rxa2 {[%clk 00:10:08]}
{[%emt 00:00:09]} Rxh5 {[%clk 00:04:26]} 38. Rxa7 {[%clk 00:10:12]} {[%emt
00:00:07]} Rh1+ {[%clk 00:04:34]} {[%emt 00:00:02]} 39. Ke2 {[%clk 00:10:21]}
{[%emt 00:00:02]} Rb1 {[%clk 00:04:42]} {[%emt 00:00:01]} 40. Ra3 {[%clk
00:10:29]} {[%emt 00:00:02]} c4 {[%clk 00:03:33]} {[%emt 00:01:19]} 41. Ra4
{[%clk 00:10:38]} b5 {[%clk 00:01:49]} {[%emt 00:01:54]} 42. Ra7+ {[%clk
00:10:47]} {[%emt 00:00:01]} Kb6 {[%clk 00:01:57]} {[%emt 00:00:02]} 43. Bf2+
{[%clk 00:10:55]} {[%emt 00:00:02]} Kc6 {[%clk 00:01:09]} {[%emt 00:00:58]} 44.
Ra6+ {[%clk 00:11:04]} Kd5 {[%clk 00:01:18]} 45. bxc4+ {[%clk 00:11:13]} bxc4
{[%clk 00:01:28]} 46. Ra5+ {[%clk 00:11:16]} {[%emt 00:00:07]} Ke6 {[%clk
00:01:37]} {[%emt 00:00:01]} 47. Bc5 {[%clk 00:10:57]} {[%emt 00:00:30]} Bc7
{[%clk 00:01:12]} {[%emt 00:00:34]} 48. Ra7 {[%clk 00:10:56]} {[%emt 00:00:11]}
Bd8 {[%clk 00:00:53]} {[%emt 00:00:30]} 49. Ra6+ {[%clk 00:09:25]} {[%emt
00:01:41]} Kd5 {[%clk 00:01:02]} {[%emt 00:00:02]} 50. Be3 {[%clk 00:09:00]}
{[%emt 00:00:35]} Rb2+ {[%clk 00:01:00]} {[%emt 00:00:11]} 51. Kd1 {[%clk
00:09:09]} Rb3 {[%clk 00:01:09]} {[%emt 00:00:01]} 52. Ke2 {[%clk 00:09:17]}
{[%emt 00:00:02]} Rb5 {[%clk 00:00:14]} {[%emt 00:01:05]} 53. Kd1 {[%clk
00:08:30]} {[%emt 00:00:57]} Bc7 {[%clk 00:00:13]} {[%emt 00:00:11]} 54. Ra8
{[%clk 00:07:01]} {[%emt 00:01:39]} Ba5 {[%clk 00:00:13]} {[%emt 00:00:11]} 55.
Kc2 {[%clk 00:07:03]} {[%emt 00:00:08]} Bc7 {[%clk 00:00:16]} {[%emt 00:00:07]}
56. Bd2 {[%clk 00:06:59]} {[%emt 00:00:14]} Bb6 {[%clk 00:00:11]} {[%emt
00:00:14]} 57. Rb8 {[%clk 00:07:00]} {[%emt 00:00:09]} Rb3 {[%clk 00:00:13]}
{[%emt 00:00:09]} 58. Bc3 {[%clk 00:06:55]} {[%emt 00:00:14]} Kc6 {[%clk
00:00:17]} {[%emt 00:00:06]} 59. Rc8+ {[%clk 00:06:53]} {[%emt 00:00:12]} Kb5
{[%clk 00:00:26]} 60. Rb8 {[%clk 00:06:52]} {[%emt 00:00:11]} Kc6 {[%clk
00:00:21]} {[%emt 00:00:16]} 61. Rc8+ {[%clk 00:07:00]} {[%emt 00:00:01]} Kd5
{[%clk 00:00:30]} 62. Rb8 {[%clk 00:07:09]} {[%emt 00:00:01]} Rb5 {[%clk
00:00:39]} 63. Bd2 {[%clk 00:06:33]} {[%emt 00:00:46]} Kc6 {[%clk 00:00:40]}
{[%emt 00:00:09]} 64. f4 {[%clk 00:06:42]} exf4 {[%clk 00:00:14]} {[%emt
00:00:36]} 65. Bxf4 {[%clk 00:06:41]} {[%emt 00:00:11]} Rf5 {[%clk 00:00:22]}
{[%emt 00:00:02]} 66. Bd2 {[%clk 00:06:25]} {[%emt 00:00:26]} Rf2 {[%clk
00:00:26]} {[%emt 00:00:05]} 67. Kd1 {[%clk 00:05:50]} {[%emt 00:00:46]} Rg2
{[%clk 00:00:35]} {[%emt 00:00:01]} 68. Re8 {[%clk 00:05:51]} {[%emt 00:00:09]}
Kd5 {[%clk 00:00:19]} {[%emt 00:00:26]} 69. Re2 {[%clk 00:05:57]} {[%emt
00:00:04]} Rg3 {[%clk 00:00:19]} {[%emt 00:00:10]} 70. Kc2 {[%clk 00:06:04]}
{[%emt 00:00:03]} Bd4 {[%clk 00:00:29]} 71. Rh2 {[%clk 00:06:08]} {[%emt
00:00:05]} c3 {[%clk 00:00:19]} {[%emt 00:00:20]} 72. Bxc3 {[%clk 00:04:26]}
{[%emt 00:01:51]} Rxc3+ {[%clk 00:00:25]} {[%emt 00:00:05]} 73. Kd2 {[%clk
00:04:35]} Ra3 {[%clk 00:00:17]} {[%emt 00:00:18]} 74. Rh7 {[%clk 00:04:42]}
{[%emt 00:00:02]} Be5 {[%clk 00:00:14]} {[%emt 00:00:14]} 75. Ke2 {[%clk
00:04:48]} {[%emt 00:00:04]} Ke4 {[%clk 00:00:15]} {[%emt 00:00:09]} 76. Re7
{[%clk 00:04:57]} {[%emt 00:00:01]} Ra2+ {[%clk 00:00:20]} {[%emt 00:00:04]} 77.
Ke1 {[%clk 00:05:06]} {[%emt 00:00:01]} Kd4 {[%clk 00:00:24]} {[%emt 00:00:05]}
78. Kf1 {[%clk 00:05:15]} {[%emt 00:00:01]} Bf4 {[%clk 00:00:20]} {[%emt
00:00:15]} 79. Re2 {[%clk 00:05:23]} {[%emt 00:00:02]} Ra3 {[%clk 00:00:25]}
{[%emt 00:00:05]} 80. Kf2 {[%clk 00:05:30]} {[%emt 00:00:03]} Be3+ {[%clk
00:00:29]} {[%emt 00:00:06]} 81. Kf3 {[%clk 00:05:39]} Rb3 {[%clk 00:00:16]}
{[%emt 00:00:24]} 82. Ra2 {[%clk 00:05:46]} {[%emt 00:00:02]} Bd2+ {[%clk
00:00:13]} {[%emt 00:00:13]} 83. Kg4 {[%emt 00:00:11]} Rd3 {[%clk 00:00:17]} 84.
Ra8 {[%clk 00:05:55]} {[%emt 00:00:07]} Ke3 {[%clk 00:00:17]} {[%emt 00:00:09]}
85. Kf5 {[%clk 00:05:57]} {[%emt 00:00:09]} Rd5+ {[%clk 00:00:20]} {[%emt
00:00:07]} 86. Ke6 {[%clk 00:05:56]} {[%emt 00:00:12]} Rb5 {[%clk 00:00:25]}
{[%emt 00:00:04]} 87. Rd8 {[%clk 00:05:47]} {[%emt 00:00:19]} Bc3 {[%clk
00:00:29]} {[%emt 00:00:06]} 88. Rd5 {[%clk 00:05:55]} {[%emt 00:00:02]} Rb8
{[%clk 00:00:32]} {[%emt 00:00:08]} 89. Rh5 {[%clk 00:05:43]} {[%emt 00:00:21]}
Rb6+ {[%clk 00:00:36]} {[%emt 00:00:05]} 90. Kd7 {[%clk 00:05:49]} {[%emt
00:00:03]} Ke4 {[%clk 00:00:45]} {[%emt 00:00:01]} 91. Rh1 {[%clk 00:05:32]}
{[%emt 00:00:27]} Kd5 {[%clk 00:00:42]} {[%emt 00:00:15]} 92. Rd1+ {[%clk
00:05:38]} {[%emt 00:00:02]} Bd4 {[%clk 00:00:51]} {[%emt 00:00:02]} 93. Kc7
{[%clk 00:05:45]} {[%emt 00:00:03]} Ra6 {[%clk 00:00:52]} {[%emt 00:00:10]} 94.
Kd7 {[%clk 00:05:53]} {[%emt 00:00:01]} Ra7+ {[%clk 00:00:25]} {[%emt
00:00:38]} 95. Kd8 {[%clk 00:06:01]} Ra8+ {[%clk 00:00:16]} {[%emt 00:00:19]}
96. Kd7 {[%clk 00:06:10]} {[%emt 00:00:01]} Ra4 {[%clk 00:00:26]} 97. Rd2
{[%clk 00:06:15]} {[%emt 00:00:05]} Ra1 {[%clk 00:00:30]} {[%emt 00:00:06]} 98.
Ke7 {[%clk 00:05:54]} {[%emt 00:00:31]} Ke5 {[%clk 00:00:18]} {[%emt 00:00:22]}
99. Re2+ {[%clk 00:05:57]} {[%emt 00:00:07]} Kf5 {[%clk 00:00:21]} {[%emt
00:00:08]} 100. Kd6 {[%clk 00:06:03]} {[%emt 00:00:04]} Rd1 {[%clk 00:00:24]}
{[%emt 00:00:06]} 101. Kd5 {[%clk 00:06:03]} {[%emt 00:00:10]} Be5+ {[%clk
00:00:23]} {[%emt 00:00:10]} 102. Kc4 {[%clk 00:06:03]} {[%emt 00:00:11]} Ke6
{[%clk 00:00:32]} 103. Rg2 {[%clk 00:06:00]} {[%emt 00:00:13]} Rc1+ {[%clk
00:00:39]} {[%emt 00:00:03]} 104. Kb5 {[%clk 00:06:09]} {[%emt 00:00:01]} Kd5
{[%clk 00:00:39]} {[%emt 00:00:10]} 105. Rg5 {[%clk 00:06:16]} {[%emt
00:00:03]} Rb1+ {[%clk 00:00:35]} {[%emt 00:00:14]} 106. Ka5 {[%clk 00:06:25]}
{[%emt 00:00:01]} Kd4 {[%clk 00:00:44]} 107. Ka6 {[%clk 00:06:33]} {[%emt
00:00:02]} Bd6 {[%clk 00:00:51]} {[%emt 00:00:03]} 108. Rb5 {[%clk 00:06:41]}
{[%emt 00:00:02]} Rc1 {[%clk 00:01:00]} {[%emt 00:00:01]} 109. Kb6 {[%clk
00:06:44]} {[%emt 00:00:07]} Bc5+ {[%clk 00:01:00]} {[%emt 00:00:10]} 110. Kc6
{[%clk 00:06:53]} Rc2 {[%clk 00:01:05]} {[%emt 00:00:05]} 111. Rb1 {[%clk
00:06:54]} {[%emt 00:00:09]} Bb4+ {[%clk 00:00:26]} {[%emt 00:00:49]} 112. Kd7
{[%clk 00:06:57]} {[%emt 00:00:07]} Ba5 {[%clk 00:00:35]} 113. Rb5 {[%clk
00:06:59]} {[%emt 00:00:08]} Bd2 {[%clk 00:00:17]} {[%emt 00:00:29]} 114. Ke6
{[%clk 00:07:02]} {[%emt 00:00:06]} Rc6+ {[%clk 00:00:22]} {[%emt 00:00:05]}
115. Kf5 {[%clk 00:07:08]} {[%emt 00:00:04]} Rh6 {[%clk 00:00:24]} {[%emt
00:00:08]} 116. Rb8 {[%clk 00:07:01]} {[%emt 00:00:18]} Rh5+ {[%clk 00:00:27]}
{[%emt 00:00:06]} 117. Kg4 {[%clk 00:07:10]} {[%emt 00:00:01]} Rg5 {[%clk
00:00:28]} {[%emt 00:00:09]} 118. Kf3 {[%clk 00:07:16]} {[%emt 00:00:03]} Rf5+
{[%clk 00:00:37]} 119. Ke2 {[%clk 00:07:24]} {[%emt 00:00:02]} Ba5 {[%clk
00:00:41]} {[%emt 00:00:07]} 120. Re8 {[%clk 00:07:30]} {[%emt 00:00:03]} Bc7
{[%clk 00:00:48]} {[%emt 00:00:02]} 121. Re3 {[%clk 00:07:30]} {[%emt
00:00:11]} Bf4 {[%clk 00:00:53]} {[%emt 00:00:05]} 122. Re7 {[%clk 00:07:32]}
{[%emt 00:00:08]} Bg5 {[%clk 00:00:58]} {[%emt 00:00:04]} 123. Re8 {[%emt
00:00:15]} Ke5 {[%emt 00:00:07]} 1/2-1/2

[Event "FIDE World Cup 2025"]
[Site "Goa, India"]
[Date "2025.11.09"]
[Round "25.2"]
[White "Vidit, Santosh Gujrathi"]
[Black "Shankland, Sam"]
[Result "0-1"]
[TimeControl ": 90 minutes for the first 40 moves, followed by 30 minutes for the rest of the gamewith an increment of 30 seconds per move starting from move 1"]
[WhiteFideId "5029465"]
[BlackFideId "2004887"]
[WhiteElo "2716"]
[BlackElo "2654"]

1. e4 {[%clk 00:10:19]} d6 {[%clk 00:10:19]} {[%emt 00:00:02]} 2. d4 {[%clk
00:10:24]} {[%emt 00:00:04]} Nf6 {[%clk 00:10:28]} 3. Nc3 {[%clk 00:10:32]}
{[%emt 00:00:02]} e5 {[%clk 00:10:37]} {[%emt 00:00:01]} 4. Nf3 {[%clk
00:10:39]} {[%emt 00:00:03]} Nbd7 {[%clk 00:10:47]} 5. Bc4 {[%clk 00:10:42]}
{[%emt 00:00:07]} Be7 {[%clk 00:10:55]} {[%emt 00:00:02]} 6. O-O {[%clk
00:10:50]} {[%emt 00:00:01]} O-O {[%clk 00:11:04]} {[%emt 00:00:02]} 7. Re1
{[%clk 00:10:59]} {[%emt 00:00:02]} c6 {[%clk 00:11:12]} {[%emt 00:00:01]} 8.
a4 {[%clk 00:11:07]} {[%emt 00:00:02]} Re8 {[%clk 00:11:13]} {[%emt 00:00:09]}
9. h3 {[%clk 00:11:09]} {[%emt 00:00:08]} h6 {[%clk 00:10:53]} {[%emt
00:00:31]} 10. a5 {[%clk 00:11:02]} {[%emt 00:00:17]} exd4 {[%clk 00:10:55]}
{[%emt 00:00:08]} 11. Nxd4 {[%clk 00:11:05]} {[%emt 00:00:07]} Bf8 {[%clk
00:11:01]} {[%emt 00:00:03]} 12. Bf4 {[%clk 00:10:54]} {[%emt 00:00:20]} Nc5
{[%clk 00:10:55]} {[%emt 00:00:18]} 13. e5 {[%clk 00:09:01]} {[%emt 00:02:02]}
dxe5 {[%clk 00:11:03]} {[%emt 00:00:02]} 14. Bxe5 {[%clk 00:09:02]} {[%emt
00:00:09]} Ncd7 {[%clk 00:10:40]} {[%emt 00:00:34]} 15. Bf4 {[%clk 00:08:54]}
{[%emt 00:00:17]} Rxe1+ {[%clk 00:10:07]} {[%emt 00:00:44]} 16. Qxe1 {[%clk
00:09:02]} {[%emt 00:00:01]} Nc5 {[%clk 00:09:24]} {[%emt 00:00:53]} 17. Qe3
{[%clk 00:08:44]} {[%emt 00:00:26]} Bd7 {[%clk 00:07:51]} {[%emt 00:01:45]} 18.
Be5 {[%clk 00:06:36]} {[%emt 00:02:18]} Qe7 {[%clk 00:07:25]} {[%emt 00:00:36]}
19. Re1 {[%clk 00:06:14]} {[%emt 00:00:32]} Re8 {[%clk 00:07:28]} {[%emt
00:00:08]} 20. Qf3 {[%clk 00:05:56]} {[%emt 00:00:27]} Qd8 {[%clk 00:06:52]}
{[%emt 00:00:45]} 21. Re3 {[%clk 00:05:37]} {[%emt 00:00:30]} a6 {[%clk
00:05:11]} {[%emt 00:01:51]} 22. b4 {[%clk 00:05:13]} {[%emt 00:00:35]} Ne6
{[%clk 00:05:14]} {[%emt 00:00:07]} 23. Bxe6 {[%clk 00:03:28]} {[%emt
00:01:55]} Bxe6 {[%clk 00:04:57]} {[%emt 00:00:27]} 24. Bxf6 {[%clk 00:03:36]}
{[%emt 00:00:02]} Qxf6 {[%clk 00:04:55]} {[%emt 00:00:12]} 25. Qxf6 {[%clk
00:03:44]} {[%emt 00:00:02]} gxf6 {[%clk 00:05:03]} {[%emt 00:00:01]} 26. Ne4
{[%clk 00:03:52]} {[%emt 00:00:02]} Be7 {[%clk 00:04:44]} {[%emt 00:00:30]} 27.
c3 {[%clk 00:01:38]} {[%emt 00:02:24]} Kf8 {[%clk 00:04:12]} {[%emt 00:00:41]}
28. g4 {[%clk 00:01:16]} {[%emt 00:00:32]} Bc8 {[%clk 00:03:44]} {[%emt
00:00:38]} 29. Nb3 {[%clk 00:00:20]} {[%emt 00:01:06]} f5 {[%clk 00:03:42]}
{[%emt 00:00:13]} 30. gxf5 {[%clk 00:00:27]} {[%emt 00:00:02]} Bxf5 {[%clk
00:03:51]} {[%emt 00:00:01]} 31. Nec5 {[%clk 00:00:25]} {[%emt 00:00:13]} Bc8
{[%clk 00:03:53]} {[%emt 00:00:08]} 32. Kg2 {[%clk 00:00:29]} {[%emt 00:00:05]}
Rd8 {[%clk 00:03:50]} {[%emt 00:00:13]} 33. Kg3 {[%clk 00:00:30]} {[%emt
00:00:09]} Rd6 {[%clk 00:03:41]} {[%emt 00:00:19]} 34. Ne4 {[%clk 00:00:31]}
{[%emt 00:00:09]} Rg6+ {[%clk 00:03:41]} {[%emt 00:00:10]} 35. Kh2 {[%clk
00:00:40]} Be6 {[%clk 00:02:52]} {[%emt 00:01:00]} 36. Nbc5 {[%clk 00:00:32]}
{[%emt 00:00:17]} f5 {[%clk 00:01:50]} {[%emt 00:01:12]} 37. Nxe6+ {[%clk
00:00:23]} {[%emt 00:00:20]} Rxe6 {[%clk 00:01:57]} {[%emt 00:00:02]} 38. Ng3
{[%clk 00:00:25]} {[%emt 00:00:08]} Rxe3 {[%clk 00:01:43]} {[%emt 00:00:24]} 39.
fxe3 {[%clk 00:00:34]} Bf6 {[%clk 00:01:53]} 40. Ne2 {[%clk 00:00:22]} {[%emt
00:00:23]} Ke7 {[%clk 00:01:49]} {[%emt 00:00:14]} 41. Kg3 {[%clk 00:00:21]}
{[%emt 00:00:11]} Ke6 {[%clk 00:01:09]} {[%emt 00:00:50]} 42. c4 {[%clk
00:00:18]} {[%emt 00:00:13]} Be7 {[%clk 00:00:48]} {[%emt 00:00:31]} 43. Nf4+
{[%clk 00:00:25]} {[%emt 00:00:02]} Kd7 {[%clk 00:00:45]} {[%emt 00:00:14]} 44.
Nd3 {[%clk 00:00:29]} {[%emt 00:00:06]} Ke6 {[%clk 00:00:42]} {[%emt 00:00:13]}
45. Kf3 {[%clk 00:00:27]} {[%emt 00:00:11]} Bd6 {[%clk 00:00:44]} {[%emt
00:00:09]} 46. e4 {[%clk 00:00:15]} {[%emt 00:00:22]} fxe4+ {[%clk 00:00:52]}
{[%emt 00:00:02]} 47. Kxe4 {[%clk 00:00:24]} Kf6 {[%clk 00:00:48]} {[%emt
00:00:14]} 48. c5 {[%clk 00:00:16]} {[%emt 00:00:18]} Bc7 {[%clk 00:00:47]}
{[%emt 00:00:12]} 49. Nb2 {[%clk 00:00:21]} {[%emt 00:00:05]} Be5 {[%clk
00:00:29]} {[%emt 00:00:27]} 50. Nc4 {[%clk 00:00:20]} {[%emt 00:00:12]} Bc3
{[%clk 00:00:37]} 51. Nd6 {[%clk 00:00:28]} {[%emt 00:00:02]} Bxb4 {[%clk
00:00:45]} {[%emt 00:00:02]} 52. Nxb7 {[%clk 00:00:36]} {[%emt 00:00:02]} Ke7
{[%clk 00:00:37]} {[%emt 00:00:19]} 53. Kd4 {[%clk 00:00:24]} {[%emt 00:00:21]}
Kd7 {[%clk 00:00:41]} {[%emt 00:00:06]} 54. Kc4 {[%clk 00:00:12]} {[%emt
00:00:22]} Be1 {[%clk 00:00:49]} {[%emt 00:00:02]} 55. Kd3 {[%clk 00:00:17]}
{[%emt 00:00:06]} Bg3 {[%clk 00:00:37]} {[%emt 00:00:21]} 56. Ke4 {[%clk
00:00:14]} {[%emt 00:00:13]} Kc7 {[%clk 00:00:46]} {[%emt 00:00:01]} 57. Nd6
{[%clk 00:00:20]} {[%emt 00:00:04]} Bxd6 {[%clk 00:00:55]} {[%emt 00:00:01]} 58.
cxd6+ {[%clk 00:00:28]} {[%emt 00:00:03]} Kxd6 {[%clk 00:01:03]} 59. h4 {[%clk
00:00:32]} {[%emt 00:00:07]} c5 {[%clk 00:01:05]} {[%emt 00:00:09]} 60. h5
{[%clk 00:00:35]} {[%emt 00:00:07]} Ke5+ {[%emt 00:00:31]} 61. Kd4+ {[%clk
00:00:00]} 0-1